TV Show Taglines II Quiz Stats

 Plays Quiz Updated Jun 22, 2018

Score 0/20 Timer 06:00
0 Plays Today
Tagline TV Show % Correct
Where there's a Will, there's a GraceWill and Grace
95.1%
On your marks, get set, D'Oh!The Simpsons
93.3%
Get arrestedArrested Development
72.1%
A lot can happen in a day24
67.6%
Save the cheerleader. Save the world.Heroes
66.6%
Every superhero has a beginningSmallville
59.3%
In the complex process of determining guilt and innocence, lives often hang in the balanceLaw and Order
58.3%
Operations. Relations. Complications.Grey's Anatomy
56.1%
A love story in reverseHow I Met Your Mother
55.3%
Smart is the new sexyThe Big Bang Theory
52.8%
Tagline TV Show % Correct
To catch a criminal, you have to think like oneCriminal Minds
35.5%
Sin never sleepsCSI
33.8%
Work can be such a production30 Rock
29.9%
Domestic bliss was never like this!Married... With Children
24%
Genius has side effectsHouse, M.D.
23%
Just when you thought it was safe to go back into the courtroomBoston Legal
19.3%
A biting comedy for the underdog in all of usGlee
18.2%
It's 'Seinfeld' on crackIt's Always Sunny In Philadelphia
15.4%
You know you love meGossip Girl
12.8%
The world is over. The fight has just begun.Battlestar Galactica
6.1%

You're not logged in!

Compare scores with friends on all Sporcle quizzes.
OR
Log In

Show Comments

Extras

Top Quizzes Today


Score Distribution

Your Account Isn't Verified!

In order to create a playlist on Sporcle, you need to verify the email address you used during registration. Go to your Sporcle Settings to finish the process.

Report this User

Report this user for behavior that violates our Community Guidelines.

Details: